<?xml version="1.0" encoding="UTF-8"?>
<record
    xmlns:xsi="http://www.w3.org/2001/XMLSchema-instance"
    xsi:schemaLocation="http://www.loc.gov/MARC21/slim http://www.loc.gov/standards/marcxml/schema/MARC21slim.xsd"
    xmlns="http://www.loc.gov/MARC21/slim">

  <leader>01373nam a2200277 a 4500</leader>
  <controlfield tag="001">23059</controlfield>
  <controlfield tag="003">BD-RjUL</controlfield>
  <controlfield tag="005">20211209000904.0</controlfield>
  <controlfield tag="008">140310s1902    enk      b    000 0beng</controlfield>
  <datafield tag="035" ind1=" " ind2=" ">
    <subfield code="a">(BD-RjUL)23124</subfield>
  </datafield>
  <datafield tag="040" ind1=" " ind2=" ">
    <subfield code="a">DLC</subfield>
    <subfield code="c">DLC</subfield>
    <subfield code="d">DLC</subfield>
    <subfield code="d">BD-RjUL</subfield>
    <subfield code="b">eng</subfield>
  </datafield>
  <datafield tag="041" ind1=" " ind2=" ">
    <subfield code="a">eng</subfield>
  </datafield>
  <datafield tag="082" ind1="0" ind2="0">
    <subfield code="a">828.309</subfield>
    <subfield code="b">LYC V- 2 1902</subfield>
  </datafield>
  <datafield tag="100" ind1="1" ind2=" ">
    <subfield code="a">Lyly, John,</subfield>
    <subfield code="d">1554?-1606.</subfield>
    <subfield code="9">71114</subfield>
  </datafield>
  <datafield tag="245" ind1="0" ind2="4">
    <subfield code="a">The complete works of John Lyly :</subfield>
    <subfield code="b">now for the first time collected and edited from the earliest quartos, with life, bibliography, essays, notes, and index /</subfield>
    <subfield code="c">by R. Warwick Bond.</subfield>
    <subfield code="n">Volume. II :</subfield>
    <subfield code="p">Euphues and his England. The plays. </subfield>
  </datafield>
  <datafield tag="260" ind1=" " ind2=" ">
    <subfield code="a">Oxford :</subfield>
    <subfield code="b">Clarendon Press ,</subfield>
    <subfield code="c">1902</subfield>
  </datafield>
  <datafield tag="300" ind1=" " ind2=" ">
    <subfield code="a">574p. :</subfield>
    <subfield code="b">Ill., fronts. ;</subfield>
    <subfield code="c">23 cm.</subfield>
  </datafield>
  <datafield tag="505" ind1="0" ind2=" ">
    <subfield code="a">v. 1. Life of John Lyly. Euphues: Discussion of the text and bibliography. List of editions. Titles, &amp;c. Essay on Euphues and Euphuism. Biographical appendix. Entertainments. A funeral oration. Notes.--v. 2. Euphues and his England. The plays. Notes.--v. 3. The plays. Anti-Martinist work, &amp;c. Poems. Notes. Glossary.</subfield>
  </datafield>
  <datafield tag="600" ind1="1" ind2="0">
    <subfield code="a">Lyly, John,</subfield>
    <subfield code="d">1554?-1606</subfield>
    <subfield code="x">Bibliography.</subfield>
    <subfield code="9">241901</subfield>
  </datafield>
  <datafield tag="650" ind1=" " ind2=" ">
    <subfield code="a">English Miscellaneous Writings</subfield>
    <subfield code="v">History and Criticism</subfield>
    <subfield code="y">1558-1625</subfield>
    <subfield code="9">74184</subfield>
  </datafield>
  <datafield tag="700" ind1="1" ind2=" ">
    <subfield code="a">Bond, R. Warwick</subfield>
    <subfield code="q">(Richard Warwick),</subfield>
    <subfield code="d">1857-1943,</subfield>
    <subfield code="e">ed.</subfield>
    <subfield code="9">241902</subfield>
  </datafield>
  <datafield tag="942" ind1=" " ind2=" ">
    <subfield code="2">ddc</subfield>
    <subfield code="c">BK</subfield>
  </datafield>
  <datafield tag="999" ind1=" " ind2=" ">
    <subfield code="c">23059</subfield>
    <subfield code="d">23059</subfield>
  </datafield>
  <datafield tag="952" ind1=" " ind2=" ">
    <subfield code="0">0</subfield>
    <subfield code="1">0</subfield>
    <subfield code="2">ddc</subfield>
    <subfield code="4">0</subfield>
    <subfield code="7">1</subfield>
    <subfield code="a">RUCL</subfield>
    <subfield code="b">RUCL</subfield>
    <subfield code="c">Reading</subfield>
    <subfield code="d">1957-11-15</subfield>
    <subfield code="e">Oxford university press.</subfield>
    <subfield code="g">85.50</subfield>
    <subfield code="l">0</subfield>
    <subfield code="o">828.309 LYC V-2 1902</subfield>
    <subfield code="r">2014-03-10 00:00:00</subfield>
    <subfield code="t">C-1</subfield>
    <subfield code="w">2021-12-09</subfield>
    <subfield code="y">BK</subfield>
  </datafield>
  <datafield tag="952" ind1=" " ind2=" ">
    <subfield code="0">0</subfield>
    <subfield code="1">0</subfield>
    <subfield code="2">ddc</subfield>
    <subfield code="4">0</subfield>
    <subfield code="7">1</subfield>
    <subfield code="8">NFIC</subfield>
    <subfield code="a">RUCL</subfield>
    <subfield code="b">RUCL</subfield>
    <subfield code="c">Reading</subfield>
    <subfield code="d">1957-11-15</subfield>
    <subfield code="e">oxford university</subfield>
    <subfield code="g">85.50</subfield>
    <subfield code="l">0</subfield>
    <subfield code="o">828.309 LYC V-1 1902</subfield>
    <subfield code="r">2020-09-27 00:00:00</subfield>
    <subfield code="t">C-1</subfield>
    <subfield code="w">2021-12-09</subfield>
    <subfield code="y">BK</subfield>
  </datafield>
  <datafield tag="952" ind1=" " ind2=" ">
    <subfield code="0">0</subfield>
    <subfield code="1">0</subfield>
    <subfield code="2">ddc</subfield>
    <subfield code="4">0</subfield>
    <subfield code="7">1</subfield>
    <subfield code="8">NFIC</subfield>
    <subfield code="a">RUCL</subfield>
    <subfield code="b">RUCL</subfield>
    <subfield code="c">Reading</subfield>
    <subfield code="d">1957-11-15</subfield>
    <subfield code="e">oxford university</subfield>
    <subfield code="g">85.50</subfield>
    <subfield code="l">0</subfield>
    <subfield code="o">828.309 LYC V-3 1902</subfield>
    <subfield code="r">2020-09-27 00:00:00</subfield>
    <subfield code="t">C-1</subfield>
    <subfield code="w">2021-12-09</subfield>
    <subfield code="y">BK</subfield>
  </datafield>
</record>
